[Event "GER-chA U25"]
[Site "Oberhof"]
[Date "2011.06.14"]
[Round "4"]
[White "George, Tom"]
[Black "Schirra, Felix"]
[Result "0-1"]
[WhiteElo "1855"]
[BlackElo "1634"]
[PlyCount "78"]
[EventDate "2011.06.11"]
[EventType "swiss"]
[EventRounds "9"]
[EventCountry "GER"]
[SourceTitle "CBM 142 Extra"]
[Source "ChessBase"]
[SourceDate "2011.06.27"]
[SourceVersion "1"]
[SourceVersionDate "2011.06.27"]
[SourceQuality "1"]

1. Nc3 c5 2. e4 Nc6 3. Nf3 d6 4. d4 cxd4 5. Nxd4 Nf6 6. f3 g6 7. Be3 Bg7 8. Qd2 0-0 9. 0-0-0 d5 10. Kb1 Nxd4 11. Bxd4 dxe4 12. Bxf6 Qxd2 13. Rxd2 Bxf6 14. Nxe4 Be5 15. Bc4 Bf5 16. Ng3 Bxg3 17. hxg3 h5 18. Rhd1 Rac8 19. Bb5 Rc7 20. Bd7 Bxd7 21. Rxd7 Rfc8 22. c3 e6 23. c4 Kf8 24. c5 Ke8 25. Rxc7 Rxc7 26. b4 Rd7 27. Rxd7 Kxd7 28. Kc2 Kc6 29. Kc3 Kd5 30. Kd3 e5 31. Kc3 g5 32. Kd3 f5 33. a3 a6 34. Ke3 f4+ 35. gxf4 exf4+ 36. Kd3 g4 37. fxg4 hxg4 38. Kc3 f3 39. gxf3 g3 0-1

[Event "GER-ch U25"]
[Site "Oberhof"]
[Date "2010.05.26"]
[Round "6"]
[White "Schirra, Felix"]
[Black "Alt, Elisabeth"]
[Result "1/2-1/2"]
[WhiteElo "1599"]
[BlackElo "1362"]
[PlyCount "97"]
[EventDate "2010.05.22"]
[EventType "swiss"]
[EventRounds "9"]
[EventCountry "GER"]
[SourceTitle "CBM 136 Extra"]
[Source "ChessBase"]
[SourceDate "2010.07.02"]
[SourceVersion "2"]
[SourceVersionDate "2010.07.15"]
[SourceQuality "1"]

1. e4 c5 2. Nf3 d6 3. d4 cxd4 4. Nxd4 a6 5. Nc3 Nf6 6. Be2 e6 7. Be3 Be7 8. 0-0 0-0 9. Qd2 Bd7 10. Rfd1 Nc6 11. Rac1 b5 12. a3 Ne5 13. Nf3 Nc4 14. Bxc4 bxc4 15. e5 dxe5 16. Nxe5 Bc8 17. Nxc4 Qc7 18. Qe2 Rb8 19. a4 a5 20. Nb5 Qb7 21. Nxa5 Qa6 22. Nb3 Qxa4 23. Nc3 Qc6 24. Rd2 Bb4 25. Bd4 Bb7 26. f3 Nd5 27. Nxd5 Qxd5 28. Bc3 Bc5+ 29. Nxc5 Qxc5+ 30. Qf2 Qc7 31. Rcd1 Bc6 32. Qg3 Qxg3 33. hxg3 Rbc8 34. Bb4 Rfe8 35. c3 h6 36. Rd6 Ba4 37. R1d2 Ra8 38. Kf2 Bb5 39. R6d4 Ra1 40. c4 Ba6 41. Bc3 f6 42. f4 Kf7 43. Rd7+ Re7 44. Bb4 Rxd7 45. Rxd7+ Kg8 46. Ra7 Ra2 47. Bc3 Bxc4 48. Rxa2 Bxa2 49. g4 1/2-1/2

[Event "GER-ch U25"]
[Site "Oberhof"]
[Date "2010.05.23"]
[Round "2"]
[White "Holle, Eric"]
[Black "Schirra, Felix"]
[Result "1/2-1/2"]
[WhiteElo "1694"]
[BlackElo "1599"]
[PlyCount "74"]
[EventDate "2010.05.22"]
[EventType "swiss"]
[EventRounds "9"]
[EventCountry "GER"]
[SourceTitle "CBM 136 Extra"]
[Source "ChessBase"]
[SourceDate "2010.07.02"]
[SourceVersion "2"]
[SourceVersionDate "2010.07.15"]
[SourceQuality "1"]

1. e4 e6 2. d4 d5 3. e5 c5 4. c3 Nc6 5. Nf3 Qb6 6. Be2 cxd4 7. cxd4 Bb4+ 8. Bd2 Nge7 9. Nc3 a6 10. Na4 Qa5 11. Bc3 0-0 12. 0-0 Bxc3 13. Nxc3 Bd7 14. g4 f6 15. Qd2 Ng6 16. Bd3 Nce7 17. h4 fxe5 18. Nxe5 Nxe5 19. dxe5 d4 20. Qg5 Nc6 21. Ne2 Qxe5 22. Qxe5 Nxe5 23. Be4 Bc6 24. Bxc6 Nxc6 25. Rad1 Rad8 26. Rd2 e5 27. Rfd1 Nb4 28. a3 Nd5 29. Nxd4 exd4 30. Rxd4 Rc8 31. Rxd5 Rc2 32. R1d2 Rxd2 33. Rxd2 Rf4 34. Rd8+ Kf7 35. Rd7+ Kf8 36. Rxb7 Rxg4+ 37. Kf1 Rxh4 1/2-1/2

[Event "GER-chT U14"]
[Site "Arendsee"]
[Date "2009.12.29"]
[Round "6.4"]
[White "Ucaroglu Melih, Furkan"]
[Black "Schirra, Felix"]
[Result "1/2-1/2"]
[WhiteElo "1392"]
[BlackElo "1370"]
[PlyCount "55"]
[EventDate "2009.12.27"]
[EventType "team-swiss"]
[EventRounds "7"]
[EventCountry "GER"]
[SourceTitle "EXT 2022"]
[Source "ChessBase"]
[SourceDate "2021.10.06"]
[SourceVersion "1"]
[SourceVersionDate "2021.10.06"]
[SourceQuality "1"]
[WhiteTeam "Aachen SV U14"]
[BlackTeam "Heusweiler SC Reti U14"]
[WhiteTeamCountry "GER"]
[BlackTeamCountry "GER"]

1. c4 c5 2. Nf3 Nf6 3. Nc3 Nc6 4. g3 g6 5. Bg2 Bg7 6. 0-0 0-0 7. d3 d6 8. Bf4 a6 9. Qd2 Bd7 10. Bh6 Rb8 11. Bxg7 Kxg7 12. d4 cxd4 13. Nxd4 Nxd4 14. Qxd4 Kg8 15. e4 Qc7 16. Nd5 Nxd5 17. cxd5 Rfc8 18. Qd2 Qc2 19. Rad1 Rc7 20. Rfe1 Rbc8 21. Bf1 Bg4 22. Bd3 Qxd1 23. Rxd1 Bxd1 24. Kg2 Bc2 25. Bxc2 Rxc2 26. Qb4 R2c7 27. Qb6 Kf8 28. Kf3 1/2-1/2

[Event "GER-chT U14"]
[Site "Arendsee"]
[Date "2009.12.27"]
[Round "2.4"]
[White "Rahmen, Christian"]
[Black "Schirra, Felix"]
[Result "1/2-1/2"]
[WhiteElo "1223"]
[BlackElo "1370"]
[PlyCount "45"]
[EventDate "2009.12.27"]
[EventType "team-swiss"]
[EventRounds "7"]
[EventCountry "GER"]
[SourceTitle "EXT 2022"]
[Source "ChessBase"]
[SourceDate "2021.10.06"]
[SourceVersion "1"]
[SourceVersionDate "2021.10.06"]
[SourceQuality "1"]
[WhiteTeam "Koeln Muelheim U14"]
[BlackTeam "Heusweiler SC Reti U14"]
[WhiteTeamCountry "GER"]
[BlackTeamCountry "GER"]

1. Nf3 Nf6 2. g3 e6 3. Bg2 Nc6 4. d4 d5 5. 0-0 Bd6 6. c4 dxc4 7. Nbd2 e5 8. dxe5 Nxe5 9. Nxe5 Bxe5 10. Nxc4 Qe7 11. Qc2 c6 12. Rd1 Bc7 13. b3 0-0 14. Bb2 Re8 15. e3 Be6 16. Rd2 Bxc4 17. Qxc4 Rad8 18. Rad1 Rxd2 19. Rxd2 Rd8 20. Rxd8+ Qxd8 21. Qd4 Qxd4 22. Bxd4 Nd5 23. Be4 1/2-1/2

[Event "Saarland-ch C"]
[Site "Schiffweiler"]
[Date "2009.04.05"]
[Round "3"]
[White "Schirra, Felix"]
[Black "Ganssauge, Wolfgang"]
[Result "1/2-1/2"]
[WhiteElo "1381"]
[BlackElo "1426"]
[PlyCount "55"]
[EventDate "2009.04.03"]
[EventType "swiss"]
[EventRounds "9"]
[EventCountry "GER"]
[SourceTitle "EXT 2012"]
[Source "ChessBase"]
[SourceDate "2011.11.24"]
[SourceVersion "1"]
[SourceVersionDate "2011.11.24"]
[SourceQuality "1"]

1. e4 d5 2. exd5 Qxd5 3. Nc3 Qa5 4. Nf3 Bg4 5. Be2 Nf6 6. 0-0 Nbd7 7. d3 c6 8. Bd2 e6 9. Re1 Qc7 10. Ng5 Bf5 11. Bf3 Bd6 12. g3 h5 13. Nce4 Bxe4 14. Nxe4 Nxe4 15. Bxe4 h4 16. Kg2 hxg3 17. hxg3 0-0-0 18. Rh1 f5 19. Bf3 g5 20. Bxg5 Rdg8 21. Rxh8 Rxh8 22. Bh4 Ne5 23. Qe2 Qg7 24. Rh1 Kd7 25. c3 Ng6 26. Kf1 Nxh4 27. Rxh4 Rxh4 28. gxh4 1/2-1/2

[Event "Saarland-ch C"]
[Site "Schiffweiler"]
[Date "2009.04.03"]
[Round "1"]
[White "Schirra, Felix"]
[Black "Keller, Norbert"]
[Result "1-0"]
[WhiteElo "1381"]
[BlackElo "1155"]
[PlyCount "81"]
[EventDate "2009.04.03"]
[EventType "swiss"]
[EventRounds "9"]
[EventCountry "GER"]
[SourceTitle "EXT 2012"]
[Source "ChessBase"]
[SourceDate "2011.11.24"]
[SourceVersion "1"]
[SourceVersionDate "2011.11.24"]
[SourceQuality "1"]

1. e4 Nc6 2. d4 e6 3. Nf3 h6 4. Nc3 Nf6 5. Bd3 Bb4 6. Bd2 Bxc3 7. Bxc3 d6 8. 0-0 Bd7 9. Re1 0-0 10. e5 Nd5 11. Bd2 Nce7 12. Nh4 Nf5 13. Nxf5 exf5 14. Qf3 Ne7 15. Qg3 Kh7 16. exd6 Nc8 17. dxc7 Qf6 18. c3 g5 19. Qe5 Kg7 20. Qxf6+ Kxf6 21. c4 Nb6 22. b3 Rac8 23. Bb4 Rfe8 24. Rxe8 Bxe8 25. Re1 Kg6 26. g4 Bd7 27. Bxf5+ Bxf5 28. gxf5+ Kxf5 29. Re7 f6 30. d5 g4 31. d6 h5 32. d7 Nxd7 33. Rxd7 Ke6 34. Re7+ Kf5 35. Bd6 Kg5 36. Rd7 Re8 37. Rd8 Re1+ 38. Kg2 h4 39. h3 g3 40. c8Q Kg6 41. Qg4+ 1-0

[Event "GER-chT Lands U20"]
[Site "Dresden"]
[Date "2008.11.17"]
[Round "6.5"]
[White "Lehr, Albert"]
[Black "Schirra, Felix"]
[Result "1/2-1/2"]
[WhiteElo "1668"]
[BlackElo "1516"]
[PlyCount "32"]
[EventDate "2008.11.14"]
[EventType "team-swiss"]
[EventRounds "7"]
[EventCountry "GER"]
[SourceTitle "EXT 2010"]
[Source "ChessBase"]
[SourceDate "2010.11.25"]
[SourceVersion "1"]
[SourceVersionDate "2010.11.25"]
[SourceQuality "1"]
[WhiteTeam "Sachsen II"]
[BlackTeam "Saarland"]
[WhiteTeamCountry "GER"]
[BlackTeamCountry "GER"]

1. e4 c5 2. Nf3 Nc6 3. d4 cxd4 4. Nxd4 g6 5. Be3 Bg7 6. Nc3 Nf6 7. Nxc6 bxc6 8. e5 Ng8 9. Bd4 Nh6 10. Bc4 0-0 11. 0-0 Nf5 12. Re1 Qc7 13. Qd3 c5 14. Nd5 Qa5 15. Bc3 Qd8 16. Ne3 d6 1/2-1/2

[Event "GER-chT U12"]
[Site "Verden an der Aller"]
[Date "2007.12.29"]
[Round "5.4"]
[White "Wagner, Robert"]
[Black "Schirra, Felix"]
[Result "1-0"]
[WhiteElo "1483"]
[BlackElo "1216"]
[PlyCount "87"]
[EventDate "2007.12.27"]
[EventType "team-swiss"]
[EventRounds "7"]
[EventCountry "GER"]
[SourceTitle "EXT 2009"]
[Source "ChessBase"]
[SourceDate "2008.11.26"]
[SourceVersion "1"]
[SourceVersionDate "2008.11.26"]
[SourceQuality "1"]
[WhiteTeam "Forchheim SC U12"]
[BlackTeam "Heusweiler SC Reti U12"]
[WhiteTeamCountry "GER"]
[BlackTeamCountry "GER"]

1. d4 g6 2. c4 Bg7 3. Nc3 Nc6 4. Nf3 Nf6 5. e4 0-0 6. Be3 d6 7. Bd3 Bd7 8. Qd2 e5 9. d5 Ne7 10. Ng1 c6 11. f3 c5 12. g4 Rb8 13. h4 h5 14. Be2 hxg4 15. fxg4 Bxg4 16. Bxg4 Nxg4 17. h5 f5 18. h6 Bh8 19. h7+ Kg7 20. Bh6+ Nxh6 21. Qxh6+ Kf7 22. Nf3 Bf6 23. Rg1 Qd7 24. exf5 Qxf5 25. Nb5 Rbd8 26. Rf1 Qe4+ 27. Kd1 Qd3+ 28. Nd2 Nf5 29. Rxf5 Qxf5 30. Nc7 Rh8 31. Ne6 Rc8 32. Ke2 Qh5+ 33. Qxh5 gxh5 34. Rf1 Ke7 35. Ne4 Bh4 36. Rh1 Bf6 37. Rxh5 Kf7 38. Rf5 Kg6 39. Rxf6+ Kh5 40. Nxd6 Rb8 41. Nf7 Rxh7 42. Nxe5 Rg8 43. Rf1 b6 44. Rh1# 1-0

[Event "GER-chT U12"]
[Site "Verden an der Aller"]
[Date "2007.12.28"]
[Round "3.4"]
[White "Rahmen, Christian"]
[Black "Schirra, Felix"]
[Result "1/2-1/2"]
[WhiteElo "771"]
[BlackElo "1216"]
[PlyCount "31"]
[EventDate "2007.12.27"]
[EventType "team-swiss"]
[EventRounds "7"]
[EventCountry "GER"]
[SourceTitle "EXT 2009"]
[Source "ChessBase"]
[SourceDate "2008.11.26"]
[SourceVersion "1"]
[SourceVersionDate "2008.11.26"]
[SourceQuality "1"]
[WhiteTeam "Koeln Muelheim U12"]
[BlackTeam "Heusweiler SC Reti U12"]
[WhiteTeamCountry "GER"]
[BlackTeamCountry "GER"]

1. Nf3 Nc6 2. g3 g6 3. Bg2 Bg7 4. 0-0 Nf6 5. d3 0-0 6. Nbd2 d5 7. e4 dxe4 8. dxe4 e5 9. Re1 Bg4 10. h3 Be6 11. Qe2 Qd7 12. Ng5 Nd4 13. Qd3 Bh6 14. Nxe6 Qxe6 15. c3 Nc6 16. Qc4 1/2-1/2

[Event "GER-chT U12"]
[Site "Verden an der Aller"]
[Date "2007.12.27"]
[Round "2.4"]
[White "Schirra, Felix"]
[Black "Priesmann, Dominik"]
[Result "1-0"]
[WhiteElo "1216"]
[BlackElo "796"]
[PlyCount "39"]
[EventDate "2007.12.27"]
[EventType "team-swiss"]
[EventRounds "7"]
[EventCountry "GER"]
[SourceTitle "EXT 2009"]
[Source "ChessBase"]
[SourceDate "2008.11.26"]
[SourceVersion "1"]
[SourceVersionDate "2008.11.26"]
[SourceQuality "1"]
[WhiteTeam "Heusweiler SC Reti U12"]
[BlackTeam "Porz SG U12"]
[WhiteTeamCountry "GER"]
[BlackTeamCountry "GER"]

1. c4 e5 2. Nc3 Nf6 3. g3 Nc6 4. Bg2 Bc5 5. d3 0-0 6. Nf3 h6 7. 0-0 Re8 8. Qc2 Nd4 9. Nxd4 exd4 10. Ne4 Nxe4 11. Bxe4 d6 12. b4 Bxb4 13. Rb1 c5 14. a3 Ba5 15. Bxb7 Bxb7 16. Rxb7 Bb6 17. Qa4 Rxe2 18. Qd7 Rb8 19. Qxf7+ Kh8 20. Qxg7# 1-0